Jofre VIII de Rocaberti, Señor de Peralada, y el ocaso de la Edad Media en el Alto Ampurdán / (Record no. 172121)

MARC details
000 -LEADER
campo de control de longitud fija 00805nam a22002055i 4500
001 - NÚMERO DE CONTROL
campo de control 172121
003 - IDENTIFICADOR DE NÚMERO DE CONTROL
campo de control ES-MaACL
005 - FECHA Y HORA DE LA ÚLTIMA TRANSACCIÓN
campo de control 20230906214824.0
008 - DATOS DE LONGITUD FIJA--INFORMACIÓN GENERAL
campo de control de longitud fija 090615s1955 sp |||| | spa d
080 ## - NÚMERO DE LA CLASIFICACIÓN DECIMAL UNIVERSAL
Número de la Clasificación Decimal Universal 929 Jofre de Rocaberti (467.13 Amp.)VIII
080 ## - NÚMERO DE LA CLASIFICACIÓN DECIMAL UNIVERSAL
Número de la Clasificación Decimal Universal 946.713 Amp."14"
100 1# - ENTRADA PRINCIPAL--NOMBRE DE PERSONA
Nombre de persona Sobrequés i Vidal, Santiago.
9 (RLIN) 106999
245 10 - MENCIÓN DEL TÍTULO
Título Jofre VIII de Rocaberti, Señor de Peralada, y el ocaso de la Edad Media en el Alto Ampurdán /
Mención de responsabilidad, etc. por Santiago Sobrequés Vidal.
260 ## - PUBLICACIÓN, DISTRIBUCIÓN, ETC.
Lugar de publicación, distribución, etc. [Gerona] :
Nombre del editor, distribuidor, etc. Ediciones Biblioteca Palacio Peralada,
Fecha de publicación, distribución, etc. 1955.
300 ## - DESCRIPCIÓN FÍSICA
Extensión XIX, 189 p., 1 mapa pleg. ;
Dimensiones 27 cm.
600 14 - PUNTO DE ACCESO ADICIONAL DE MATERIA--NOMBRE DE PERSONA
Nombre de persona Rocabertí i Montcada, Jofre de.
9 (RLIN) 140697
651 #4 - PUNTO DE ACCESO ADICIONAL DE MATERIA--NOMBRE GEOGRÁFICO
Nombre geográfico Alt Empordà-
Subdivisión general Historia.
9 (RLIN) 140698
710 2# - ENTRADA AGREGADA--NOMBRE DE ENTIDAD CORPORATIVA
Nombre de entidad corporativa o nombre de jurisdicción como elemento de entrada Palacio de Perelada.
Unidad subordinada Biblioteca.
9 (RLIN) 140699
852 ## - LOCALIZACIÓN
Ubicación ES-MaACL
Número de control de estantería C-9439
itemnumber R.37802
Holdings
Estatus retirado Estado de pérdida Estado de daño No para préstamo Biblioteca de origen Biblioteca actual Ubicación en estantería Fecha de adquisición Fuente de adquisición Total de préstamos Signatura topográfica completa Código de barras Visto por última vez Precio de reemplazo Tipo de ítem Koha
        Biblioteca del Ateneo de Madrid Biblioteca del Ateneo de Madrid Sala Palomar 15/06/2009     C-9439 1180628 23/02/2023 23/02/2023 Libro impreso